00989nam a22002417a 4500003000500000005001700005008004100022010001000063011001100073035001100084040000900095100002300104245021600127246008900343260008400432300001000516490003700526650003900563650003500602650003800637700003500675830003700710CHAP20220817044357.0101005s1925 mx r 00010 spa d a99360 a100332 a111018 cCHAP00aGálvez, Vicente.10aInforme preliminar acerca de las aguas subterráneas de la parte del valle de San Luis Potosí comprendida entre la ciudad de éste mismo nombre y Jaral de Berrioc/por Vicente Gálvez y Apolinar Hernández3 aInforme preliminar acerca de las aguas subterráneas de San Luis Potosí a Catorce aMéxico, D. F. :bDepartamento de Exploraciones y Estudios Geológicos,c1925 a30 p. aBoletín de divulgaciónv; 1204aAgua subterraneaxSan Luis Potosi.04aGeologíaxSan Luis Potosí.04aHidrografíaxSan Luis Potosí.0 aHernández Apolinar, Mariana.0 aBoletín de divulgaciónv; 12